Регионална библиотека "Любен Каравелов" - Русе

Как да не стана жертва на водата (Запис номер 130266)

MARC детайли
000 -Лидер
Контролно поле с фиксирана дължина 01982nam a2200445 c 4500
003 - Код на организацията, давaща контролен номер
Контролно поле BLK
005 - Дата и час на последна редакция
Контролно поле 20240618093718.0
008 - Елементи от данни с фиксирана дължина
fixed length control field 180409b bul|||||r ||||||| ||bul||
010 ## - Наследен системен номер
LC control number KNG00136029000
020 ## - Международен стандартен номер на книга ISBN
Международен стандартен номер на книга ISBN 978-954-92468-4-1
-- издат.: Полиграфюг
040 ## - Източник на каталожния запис
Идентификатор на билиотеката - собственик на записа BLK
041 ## - Код за език
Код за езика на текст/звукозапис или на отделно заглавие Български
Код за езика КДБФ Български
072 #7 - Код за тематичната категория
Код организация bullib
Код за тематична категория Н61
Текст Медицина Н
080 ## - УДК
Текстов определител УДК Злополуки във вода - давене. Първа помощ при удавяне. Спасителни устройства
УДК код - определител по УДК 614.81
УДК определител (035)
УДК - код + определител 614.81(035)
080 ## - УДК
Текстов определител УДК Водно спасяване
УДК код - определител по УДК 797.214
УДК определител (035)
УДК - код + определител 797.214(035)
100 1# - Редна дума - Автор
Автор Михайлов, Жельо Иванов
Авторска отговорност първи автор
R(LIN) 274402
139 ## - Редно поле
Редна дума Михайлов, Жельо Иванов и др.
Авторски знак Михаи - М 74
245 10 - Сведения за заглавието
Заглавие Как да не стана жертва на водата
Подзаглавни данни Наръчник
Редно поле (дума) Жельо Иванов Михайлов; съавт. Райко Николов Берберов.
257 ## - Страна на издаване
Страна на създаване/издаване България
260 ## - Област на издателските данни
-- Хасково
Име на издателя, разпространителя и проч. Полиграфюг
Година на издаване 2012
Печатница Хасково : Полиграфюг
300 ## - Физическа характеристика
Страници 144 с.
Илюстрации и др. с ил.
Размери/Мащаб 23 см
380 ## - Жанр
Жанр Медицина
500 ## - Общи забележки
Забележка Изд. на Асоц. Водна безопасност - Бургас. - Съдържа и за авт.
650 #4 - Допълнително описание по предмет – тема
Основно описание – тема или топоним Плуване - безопасност
9 (RLIN) 274405
650 #4 - Допълнително описание по предмет – тема
Основно описание – тема или топоним Водно спасяване
9 (RLIN) 274404
650 #4 - Допълнително описание по предмет – тема
Основно описание – тема или топоним Водни площи - обезопасяване
9 (RLIN) 322130
653 ## - Ключова дума – ненормативна
Ключова дума плуване
653 ## - Ключова дума – ненормативна
Ключова дума безопасност
653 ## - Ключова дума – ненормативна
Ключова дума наръчници
653 ## - Ключова дума – ненормативна
Ключова дума баротравми
653 ## - Ключова дума – ненормативна
Ключова дума хипоксия
659 ## - Тематичен бюлетин
Тематичен бюлетин Н
700 1# - Други автори (авторска отговорност)
Лично име Берберов, Райко Николов
Автороска отговорност (Описва отношението между автора и произведението) съавт.
9 (RLIN) 308362
852 ## - Местоположение
Форматна сигнатура Цб 257037
856 4# - Електронен адрес и достъп
Електронен формат pdf - файл
Път до файла /url/
856 4# - Електронен адрес и достъп
Електронен формат pdf - файл
Път до файла /url/
942 ## - АРТИКУЛИ
Вид на библиотечния материал Книги
Скрит в OPAC Не
Koha issues (borrowed), all copies 2
944 ## - СЪЗДАВАНЕ И РЕДАКЦИЯ на ЗАПИСА
Създаване/Редакция Създаване
Дата на регистрацията/редакция 09.11.2012
Статус, дата на статуса Ива Цветкова
Служител, извършил регистрацията/редакцията 30543
944 ## - СЪЗДАВАНЕ И РЕДАКЦИЯ на ЗАПИСА
Създаване/Редакция Редакция
Дата на регистрацията/редакция 11.07.2017
Статус, дата на статуса ф /
Служител, извършил регистрацията/редакцията Людмила_Стоянова
999 ## - СИСТЕМНИ КОНТРОЛНИ НОМЕРА
Koha biblionumber 130266
Koha biblioitemnumber 130266
Наличности
Код за отписване Код за изгубен артикул Код за повреда Коз за рестрикции Код за отдаване Артикулен № Име на библиотеката - собственик Име на библиотеката, в която се намира в момента Статус (Текущо местоположение) Дата на вписване в системата Местоположение - отдел Цена в лева Инвентарен номер Систематично азбучна сигнатура Баркод Номер на екземпляра Цена в евро Служебна бележка Служебен тип на артикула Източник на класификационната схема
  Не е изгубен Не е повреден без рестрикции заемане за дома 211764 Регионална библиотека "Любен Каравелов" Русе Регионална библиотека "Любен Каравелов" Русе Заемна - подръчен фонд 2012-11-09 Заемна - подръчен фонд 12.00 120000760950 П 614.8/М 74 120000760950 1 6.14 Дост: Pk Вид: Ф N: 1334 Дата: 05.11.2012 Дата инв: 02.02.2018 Бележки инв: П2018 Книги  
  Не е изгубен Не е повреден без рестрикции заемане за дома 211765 Регионална библиотека "Любен Каравелов" Русе Регионална библиотека "Любен Каравелов" Русе Заемна - подръчен фонд 2012-11-09 Заемна - подръчен фонд 12.00 120000760951 П 614.8/М 74 120000760951 2 6.14 Дост: Pk Вид: Ф N: 1334 Дата: 05.11.2012 Дата инв: 02.02.2018 Бележки инв: П2018 Книги  
  Не е изгубен Не е повреден без рестрикции ползва се в читалня 211766 Регионална библиотека "Любен Каравелов" Русе Регионална библиотека "Любен Каравелов" Русе Хранилище 2015-01-23 Хранилище 12.00 120000784482 Цб 257037 120000784482 3 6.14 Дост: Dp Вид: Д N: 18 Дата: 07.04.2014 Книги  
  Не е изгубен Не е повреден без рестрикции заемане за дома 211767 Регионална библиотека "Любен Каравелов" Русе Регионална библиотека "Любен Каравелов" Русе Детски отдел 2015-04-24 Детски отдел 12.00 120000787465 ДН 61/М 74 120000787465 4 6.14 Дост: Pk Вид: Ф N: 2355 Дата: 02.04.2015 Дата инв: 19.08.2015 Бележки инв: Д2015 Книги Universal Decimal Classification
  Не е изгубен Не е повреден без рестрикции заемане за дома 211768 Регионална библиотека "Любен Каравелов" Русе Регионална библиотека "Любен Каравелов" Русе Детски отдел 2015-04-24 Детски отдел 12.00 120000787466 ДН 61/М 74 120000787466 5 6.14 Дост: Pk Вид: Ф N: 2355 Дата: 02.04.2015 Дата инв: 19.08.2015 Бележки инв: Д2015 Книги Universal Decimal Classification
Vip Innovations Ltd, Rousse, Bulgaria 2025